000 00461nam a2200121Ia 4500
008 220216s9999 xx 000 0 und d
100 _aSim H C
245 0 _aSecondary processing and machining properties of rubberwood
260 _bIn: Rubberwood Processing and Utilisation(Hong, L.T and Sim, H.C) Forest Research Institute of Malaysia, Kuala Lumpur, Malaysia, 1994, pp. 121-137
_c1994
650 _aRubberwood processing
700 _aSaid Ahmad
942 _cBO
999 _c48228
_d48228